| Tag |
First Indicator |
Second Indicator |
Subfields |
| LEADER |
00000cam a2200000 a 4500 |
| 001 |
in00000029309 |
| 005 |
20151007060201.0 |
| 008 |
870909s1988 cauaf b s00110 eng |
| 010 |
|
|
|a 87025531
|
| 020 |
|
|
|a 0520061322 (alk. paper)
|
| 035 |
|
|
|a (OCoLC)16759114
|
| 035 |
|
|
|9 AAC0243AM
|
| 040 |
|
|
|a DLC
|c DLC
|d TXA
|d UtOrBLW
|
| 043 |
|
|
|a a-pp---
|
| 049 |
|
|
|a TXAM
|c [A11075714]
|
| 050 |
0 |
0 |
|a DU740.42
|b .W43 1988
|
| 082 |
0 |
|
|a 995/.0049912
|2 19
|
| 100 |
1 |
|
|a Weiner, James F.
|
| 245 |
1 |
4 |
|a The heart of the pearl shell :
|b the mythological dimension of Foi sociality /
|c James F. Weiner.
|
| 264 |
|
1 |
|a Berkeley :
|b University of California Press,
|c [1988]
|
| 264 |
|
4 |
|c ©1988
|
| 300 |
|
|
|a xviii, 322 pages, 8 unnumbered pages of plates :
|b illustrations ;
|c 24 cm.
|
| 336 |
|
|
|a text
|b txt
|2 rdacontent
|
| 337 |
|
|
|a unmediated
|b n
|2 rdamedia
|
| 338 |
|
|
|a volume
|b nc
|2 rdacarrier
|
| 490 |
1 |
|
|a Studies in Melanesian anthropology ;
|v 5
|
| 500 |
|
|
|a Revision of the author's thesis (doctoral--Australian National University).
|
| 504 |
|
|
|a Bibliography: pages 307-313.
|
| 500 |
|
|
|a Includes index.
|
| 650 |
|
0 |
|a Foi (Papua New Guinean people)
|
| 830 |
|
0 |
|a Studies in Melanesian anthropology ;
|v 5.
|
| 999 |
|
|
|a MARS
|
| 999 |
f |
f |
|s ca2bb1b6-ba5f-3505-8648-61a8e0674d38
|i 19252378-87bf-3739-acdc-60c2f03e2dca
|t 0
|
| 952 |
f |
f |
|p ric
|a Texas A&M University
|b Rellis Campus
|c Joint Library Facility
|d Remote Storage
|t 0
|e DU740.42 .W43 1988
|h Library of Congress classification
|i unmediated -- volume
|m A14811075714
|
| 998 |
f |
f |
|a DU740.42 .W43 1988
|t 0
|l Remote Storage
|